Cultura y naturaleza
I tiakina i:
| Kaituhi matua: | |
|---|---|
| Hōputu: | Pukapuka |
| Reo: | Pāniora |
| I whakaputaina: |
Bogotá
Jardín Botánico José Celestino Mutis
2014
|
| Putanga: | 2a. ed |
| Rangatū: | Debates Ambientales, 003
|
| Ngā marau: | |
| Ngā Tūtohu: |
Tāpirihia he Tūtohu
Kāore He Tūtohu, Me noho koe te mea tuatahi ki te tūtohu i tēnei pūkete!
|
MARC
| LEADER | 00000cam a2200000 a 4500 | ||
|---|---|---|---|
| 001 | UCD0716 | ||
| 003 | CL-VaPUC | ||
| 008 | 151210e20140000ck |||||||||||||||||spa|d | ||
| 020 | |a 9789588576206 | ||
| 082 | 0 | 4 | |a 630 |b MON |2 21 |
| 100 | |a Montenegro Martínez, Leonardo |e autor |9 583719 | ||
| 245 | 1 | 0 | |a Cultura y naturaleza |
| 250 | |a 2a. ed | ||
| 300 | |a 522 p | ||
| 942 | |c BK | ||
| 945 | |d 20151210 22:58:00 |a arojas | ||
| 260 | |a Bogotá |b Jardín Botánico José Celestino Mutis |c 2014 | ||
| 650 | 0 | |a Biodiversidad |9 385995 | |
| 650 | 0 | |a Ecología |9 258124 | |
| 650 | 0 | |a Antropología cultural y social |9 265143 | |
| 650 | 0 | |a Ciencias naturales |9 260542 | |
| 583 | |a last modification |c 20151210 22:58:00 |k Rodrigo Vera | ||
| 490 | 0 | |a Debates Ambientales, 003 | |
| 999 | |c 362178 |d 362176 | ||
| 952 | |0 0 |1 0 |3 erb |4 0 |6 630_000000000000000_MON_2014 |7 0 |8 C |9 473134 |a BIBCUR |b BIBCUR |i 5256690 |o 630 MON 2014 |p 5256690 |r 2025-04-22 |w 2019-11-24 |y BK |z Catalogado en:20151210 |k CAC | ||